Barcelona provincial council : about us about us
Descripción Física:
1 f. plegat ; 21 cm
MARC
| LEADER | 00000nam a2200000Ia 4500 | ||
|---|---|---|---|
| 001 | 19642 | ||
| 008 | 160829s2007 xx 000 0 cat d | ||
| 080 | |a FU-10-7 | ||
| 110 | 1 | |a Barcelona (Catalunya : Província). |b Diputació |9 52408 | |
| 245 | |a Barcelona provincial council : |b about us | ||
| 260 | |a Barcelona : |b la Diputació, |c 2007 | ||
| 300 | |a 1 f. plegat ; |c 21 cm | ||
| 590 | |a Hi ha un altre exemplar en català (R. 19640), castellà (R. 19641) i francès (R. 19643). | ||
| 590 | |a Octubre 2007 | ||
| 610 | 1 | 0 | |a Barcelona (Catalunya : Província). |b Diputació |9 52408 |
| 901 | |a Arxiu | ||
| 942 | |n 1 | ||
| 952 | |0 0 |1 0 |4 0 |6 FU107 |7 1 |9 50115 |a Arxiu |b Arxiu |d 2016-12-01 |l 0 |o FU-10-7 |p 19642 |r 2016-12-01 00:00:00 |w 2016-12-01 |y ARXIU | ||
| 999 | |c 53957 |d 53957 | ||